| 000 | 00522 a2200157 4500 | ||
|---|---|---|---|
| 020 | _a9788131709740 | ||
| 020 | _a99788131709740 | ||
| 082 | _a537 | ||
| 090 |
_c1649 _d1649 |
||
| 100 | 1 | _aFranklin, Jerrold. | |
| 245 | 1 | 0 |
_aClassical electromagnetism / _cJerrold Franklin. |
| 260 |
_a[S.l.] : _bAddison-Wesley, _c2008. |
||
| 300 |
_a504 p. ; _c24 cm. |
||
| 942 |
_aSNS _cBK _k537 FRA |
||
| 999 |
_c30258 _d30258 |
||